Central Library OPAC University of Rajshahi

Probabilistic graphical models : (Record no. 81475)

MARC details
000 -LEADER
fixed length control field 00976nam a2200277 a 4500
001 - CONTROL NUMBER
control field 81475
003 - CONTROL NUMBER IDENTIFIER
rucl marc code BD-RjUL
005 - DATE AND TIME OF LATEST TRANSACTION
control field 20230529104137.0
008 - FIXED-LENGTH DATA ELEMENTS--GENERAL INFORMATION
fixed length control field 230529s2009 maua b 001 0 eng
020 ## - INTERNATIONAL STANDARD BOOK NUMBER
International Standard Book Number 9780262013192 (hardcover : alk. paper)
035 ## - SYSTEM CONTROL NUMBER
System control number (BD-RjUL)81475
040 ## - CATALOGING SOURCE
Original cataloging agency DLC
Transcribing agency DLC
Modifying agency DLC
-- BD-RjUL
Language of cataloging eng
041 ## - LANGUAGE CODE
Language code of text/sound track or separate title eng
082 00 - DEWEY DECIMAL CLASSIFICATION NUMBER
Edition number 22
Classification number 519.5420285
Author mark and year KOP 2009
100 1# - MAIN ENTRY--PERSONAL NAME
Personal name Koller, Daphne.
9 (RLIN) 7715
245 10 - TITLE STATEMENT
Title Probabilistic graphical models :
Remainder of title principles and techniques /
Statement of responsibility, etc. Daphne Koller and Nir Friedman.
260 ## - PUBLICATION, DISTRIBUTION, ETC. (IMPRINT)
Place of publication, distribution, etc. Cambridge, MA :
Name of publisher, distributor, etc. MIT Press,
Date of publication, distribution, etc. c2009.
300 ## - PHYSICAL DESCRIPTION
Pagination xxi, 1231 p. :
Illustrations ill. ;
Size 24 cm.
490 0# - SERIES STATEMENT
Series statement Adaptive computation and machine learning
504 ## - BIBLIOGRAPHY, ETC. NOTE
Bibliography, etc Includes bibliographical references (p. [1171]-1207) and indexes.
650 #0 - SUBJECT ADDED ENTRY--TOPICAL TERM
Topical term or geographic name as entry element Graphical modeling (Statistics)
9 (RLIN) 7716
Topical term or geographic name as entry element Bayesian statistical decision theory
General subdivision Graphic methods.
9 (RLIN) 7717
700 1# - ADDED ENTRY--PERSONAL NAME
Personal name Friedman, Nir.
942 ## - ADDED ENTRY ELEMENTS (KOHA)
Source of classification or shelving scheme Dewey Decimal Classification
Koha item type Books
Holdings
Lost status Source of classification or shelving scheme Damaged status Not for loan Collection code Permanent Location Current Location Shelving location Date acquired Source of acquisition Cost, normal purchase price Total Checkouts Full call number Date last seen Copy number Koha item type
  Dewey Decimal Classification   Not For Loan Non-fiction Central Library, University of Rajshahi Central Library, University of Rajshahi General Stacks 21/05/2023 Dhaka : BM Book 10235.00   519.5420285 KOP 2009 29/05/2023 C-1 Books
  Dewey Decimal Classification     Non-fiction Central Library, University of Rajshahi Central Library, University of Rajshahi General Stacks 21/05/2023 Dhaka : BM Book 10235.00   519.5420285 KOP 2009 29/05/2023 C-2 Books
  Dewey Decimal Classification     Non-fiction Central Library, University of Rajshahi Central Library, University of Rajshahi General Stacks 21/05/2023 Dhaka : BM Book 10235.00   519.5420285 KOP 2009 29/05/2023 C-3 Books